| 000 | 01245nam a22003135a 4500 | ||
|---|---|---|---|
| 003 | OSt | ||
| 005 | 20201128024154.0 | ||
| 008 | 170802s2016 ua a grb f010 0 ara d | ||
| 017 | _a2016 / 8183 | ||
| 020 | _a9789779107691 | ||
| 040 |
_aEG-ScBUE _bara _cEG-ScBUE |
||
| 043 | _af-ua--- | ||
| 082 | 0 | 4 |
_222 _a079.62 _bم ظ ا |
| 245 | 0 | 0 |
_aمظاهرات حرية الصحافة 1909 : _bكتاب تذكاري توثيقي / _c[محررين] خالد السرجاني، هدى نصر الله، كارم يحيى. |
| 260 |
_a[ القاهرة ] : _bوزارة الثقافة : الهيئة المصرية العامة للكتاب، _c2016. |
||
| 300 |
_a145 ص. : _bإيض. ؛ _c30 سم. |
||
| 490 | 0 | _aنبض وطن. | |
| 500 | _aنقابة الصحفيين : اليوبيل الماسي ( 1941 / 2016) | ||
| 504 | _aيشتمل على إرجاعات ببليوجرافية. | ||
| 541 | _aإهداء من د. محمد شومان. | ||
| 590 | _aدعاء | ||
| 650 | 7 |
_2BUEsh _aحرية الصحافة _9154 _zمصر. |
|
| 651 | _2BUEsh | ||
| 653 |
_bGGEN _cAugust2017 |
||
| 700 | 1 |
_aيحيى، كارم، _eمحرر. |
|
| 700 | 1 |
_aنصر الله، هدى، _eمحرر. |
|
| 700 | 1 |
_aسرجاني، خالد، _eمحرر. |
|
| 942 | _2ddc | ||
| 999 |
_c25097 _d25069 |
||